000
00277 a2200133 4500
001
156053
040
_c
Escola São Tomás de Aquino
100
_a
FURNARI, Eva
240
1
0
_a
Tartufo
_l
por
245
1
0
_a
Tartufo
300
_a
30
697
_a
*LITERATURA INFANTO
942
_c
BK
999
_c
156053
_d
156053